000 00563nam a2200193Ia 4500
008 101110s9999 xx 000 0 und d
041 _aENGLISH
082 _bSR16842
100 _aSrivastava P.K.
245 _aBanking : theory and practice ( Fifth rev. and enlarged ed. )
365 _b35
520 _aCommerce
546 _aENGLISH
630 _aBanking : theory and practice ( Fifth rev. and enlarged ed. )
650 _aCommerce
655 _aCommerce
730 _aBanking : theory and practice ( Fifth rev. and enlarged ed. )
942 _cBOOK
999 _c810559
_d810556